[Event "Troy (TCC/C/1a/2)"]
[Site "?"]
[Date "1993.??.??"]
[Round "?"]
[White "Watson, Terry"]
[Black "Barnhart, P."]
[Result "1-0"]
[WhiteElo "1605"]
[BlackElo "1605"]
[PlyCount "41"]
[EventDate "1993.??.??"]

1. e4 c5 2. Nf3 d6 3. d4 cxd4 4. Nxd4 a6 5. Bc4 e6 6. O-O Nf6 7. Nc3 b5 8. Bb3
Bb7 9. Bg5 Be7 10. Re1 Nbd7 11. Bxe6 fxe6 12. Nxe6 Qb6 13. Nxg7+ Kf7 14. Be3
Qc6 15. Nf5 Nxe4 16. Nxe7 Nxc3 17. Qh5+ Kxe7 18. Bg5+ Kf8 19. Be7+ Kg7 20. Bf6+
Nxf6 21. Re7+ 1-0

[Event "Troy (TCC/C/4/5)"]
[Site "?"]
[Date "1993.??.??"]
[Round "?"]
[White "Watson, Terry"]
[Black "Attaya, Jim"]
[Result "1-0"]
[WhiteElo "1605"]
[BlackElo "1605"]
[PlyCount "83"]
[EventDate "1993.??.??"]

{4/(5)} 1. e4 c6 2. d3 Na6 3. g3 Nc7 4. Bg2 d5 5. Nd2 dxe4 6. dxe4 g6 7. Ngf3
Bg7 8. Qe2 Bg4 9. O-O Qd7 10. Rb1 Nb5 11. c3 Be6 12. Rd1 Bxa2 13. Nf1 Qe6 14.
Ra1 Bc4 15. Qe3 Bh6 16. Qb6 Qc8 17. Qc5 Be2 18. Bxh6 Bxd1 19. Bg7 b6 20. Qe3
Bxf3 21. Bxf3 f6 22. e5 Kf7 23. Bxh8 g5 24. Bh5+ Kf8 25. e6 Nc7 26. Qe4 f5 27.
Qxf5+ Nf6 28. Bxf6 Qxe6 29. Qxe6 Nxe6 30. Be5 h6 31. Rd1 Nc5 32. Ne3 Kg8 33.
Nf5 Kf8 34. Nxh6 a5 35. Bf3 Rc8 36. b4 Nb3 37. Bxc6 e6 38. b5 Nc5 39. Bd6+ Kg7
40. Bxc5 Kxh6 41. Bxb6 a4 42. Ra1 1-0

[Event "Troy (TCC/X/5/4)"]
[Site "?"]
[Date "1993.??.??"]
[Round "?"]
[White "Ward, Tom"]
[Black "Wright, William"]
[Result "1/2-1/2"]
[WhiteElo "2185"]
[BlackElo "2140"]
[PlyCount "119"]
[EventDate "1993.??.??"]

{5/(4)} 1. e4 e6 2. d4 d5 3. Nc3 Bb4 4. Qd3 dxe4 5. Qxe4 Nf6 6. Qh4 Nd5 7.
Qxd8+ Kxd8 8. Bd2 Nxc3 9. bxc3 Bd6 10. Nf3 h6 11. Bd3 Nd7 12. O-O b6 13. Be4
Rb8 14. Rfe1 Nf6 15. Bd3 Bb7 16. Ne5 Bxe5 17. Rxe5 Kd7 18. Rae1 Rbe8 19. h3 Kd8
20. Bc1 Nd5 21. Bd2 Nf6 22. c4 Nd7 23. R5e3 c5 24. Bc3 cxd4 25. Bxd4 Rhg8 26.
Bf1 Ke7 27. Ra3 Ra8 28. Rb1 Bc6 29. Rg3 g6 30. Be3 h5 31. Bc1 Rgc8 32. Ba3+ Nc5
33. Rd1 Ba4 34. Bd3 Ke8 35. Re1 Rc6 36. Re5 Rac8 37. f4 Kd7 38. Re2 Rd6 39. Bb2
Kc6 40. Be5 Rd7 41. Ree3 Nxd3 42. cxd3 b5 43. Rg5 a6 44. Bf6 Kb6 45. cxb5 Bxb5
46. d4 Rc2 47. a3 Bc4 48. Rge5 Bd5 49. Re2 Rxe2 50. Rxe2 Kb5 51. Rc2 Ka4 52.
Rc3 Rb7 53. g4 hxg4 54. hxg4 Rb2 55. Kf1 Rb3 56. Rxb3 Kxb3 57. Be7 Kc3 58. Bc5
f5 59. gxf5 gxf5 60. Ke2 1/2-1/2

[Event "East Lansing (MI Op/1a/5)"]
[Site "?"]
[Date "1993.??.??"]
[Round "?"]
[White "Ward, Tom"]
[Black "Robbins, Fred"]
[Result "1-0"]
[WhiteElo "2185"]
[BlackElo "1930"]
[PlyCount "67"]
[EventDate "1993.??.??"]

1. e4 Nf6 2. e5 Nd5 3. d4 d6 4. Bc4 Nb6 5. Bb3 Nc6 6. Nf3 Na5 7. e6 Nxb3 8.
exf7+ Kxf7 9. Ng5+ Kg8 10. Qf3 Qe8 11. Qxb3+ e6 12. O-O h6 13. Nh3 Qf7 14. f4
Be7 15. Nd2 Bd7 16. Ne4 Rf8 17. Bd2 Qg6 18. Ng3 Kh7 19. Rae1 Bh4 20. Re3 Rf7
21. f5 exf5 22. Nf4 Qf6 23. Ngh5 Qe7 24. Rxe7 Rxe7 25. d5 Rhe8 26. Qh3 Bg5 27.
Bc3 Re4 28. Ne6 Bxe6 29. dxe6 R4xe6 30. Qxf5+ Rg6 31. Nxg7 Re7 32. Ne6 Nd7 33.
Nf8+ Nxf8 34. Qxf8 1-0

[Event "Troy (TCC/X/2/5)"]
[Site "?"]
[Date "1993.??.??"]
[Round "?"]
[White "Ward, Tom"]
[Black "LaForge, Tom"]
[Result "1-0"]
[WhiteElo "2185"]
[BlackElo "2005"]
[PlyCount "71"]
[EventDate "1993.??.??"]

{2/(5)} 1. e4 e6 2. d4 d5 3. Nc3 Nf6 4. Bg5 Be7 5. e5 Ne4 6. Nxe4 Bxg5 7. Nxg5
Qxg5 8. Nf3 Qe7 9. c3 b6 10. Bd3 O-O 11. h4 f5 12. Qd2 c5 13. O-O-O Nc6 14. Qf4
Bd7 15. Kb1 Rac8 16. h5 cxd4 17. Nxd4 Nxd4 18. Qxd4 Qc5 19. Qh4 b5 20. g4 f4
21. Qg5 Be8 22. Qh4 b4 23. Rc1 Qb6 24. cxb4 Rxc1+ 25. Rxc1 Qd4 26. Bc2 Qxe5 27.
Qe7 Qf6 28. Qxa7 e5 29. Bb3 Bf7 30. b5 d4 31. Bxf7+ Rxf7 32. Rc8+ Rf8 33. Rxf8+
Qxf8 34. b6 Qc5 35. Qd7 g5 36. h6 1-0

[Event "Flint (MEX/3)"]
[Site "?"]
[Date "1993.??.??"]
[Round "?"]
[White "Ward, Tom"]
[Black "Fuller, William"]
[Result "1-0"]
[WhiteElo "2200"]
[BlackElo "2155"]
[PlyCount "29"]
[EventDate "1993.??.??"]

1. e4 e5 2. Nf3 Nc6 3. Nc3 g6 4. d4 exd4 5. Nxd4 Nf6 6. Nxc6 bxc6 7. e5 Ng8 8.
Bc4 d5 9. exd6 Qxd6 10. O-O Bf5 11. Qf3 Nf6 12. Nb5 Qd7 13. Bf4 Be4 14. Qb3
O-O-O 15. Nd6+ 1-0

[Event "East Lansing (MI Op/2/10)"]
[Site "?"]
[Date "1993.??.??"]
[Round "?"]
[White "Ward, Tom"]
[Black "Foote, F."]
[Result "1-0"]
[WhiteElo "2185"]
[BlackElo "2025"]
[PlyCount "83"]
[EventDate "1993.??.??"]

{2/(10)} 1. e4 c6 2. d4 d5 3. e5 Bf5 4. Nc3 e6 5. g4 Bg6 6. Nge2 Nd7 7. Be3 Bb4
8. a3 Ba5 9. b4 Bc7 10. Nf4 Ne7 11. h4 h6 12. Nxg6 Nxg6 13. h5 Ne7 14. Bd3 f6
15. f4 fxe5 16. dxe5 Nxe5 17. fxe5 Bxe5 18. Ne2 Qd6 19. Bc5 Qc7 20. c3 Bg3+ 21.
Nxg3 Qxg3+ 22. Bf2 Qe5+ 23. Kd2 O-O 24. Qe2 Qxe2+ 25. Kxe2 e5 26. Bc5 Rfe8 27.
Bxe7 Rxe7 28. Bg6 c5 29. Rad1 d4 30. bxc5 Rc8 31. cxd4 exd4+ 32. Kf2 Rd8 33.
Rhe1 Kf8 34. Re4 Rxe4 35. Bxe4 Rd7 36. Rb1 Rf7+ 37. Ke2 Rc7 38. Rxb7 Rxc5 39.
Rxa7 Rc3 40. Bg6 Rg3 41. Rf7+ Kg8 42. Re7 1-0

[Event "Flint (MEX/4)"]
[Site "?"]
[Date "1993.??.??"]
[Round "?"]
[White "Ward, Tom"]
[Black "Finegold, Ron"]
[Result "1/2-1/2"]
[WhiteElo "2200"]
[BlackElo "2215"]
[PlyCount "78"]
[EventDate "1993.??.??"]

1. e4 Nc6 2. Bc4 e6 3. Nc3 Nf6 4. d4 Bb4 5. e5 d5 6. Bb5 Ne4 7. Nge2 O-O 8. O-O
Nxc3 9. Nxc3 f6 10. f4 Qe7 11. Ne2 fxe5 12. fxe5 Rxf1+ 13. Qxf1 Bd7 14. c3 Ba5
15. Bd3 Rf8 16. Qe1 Bb6 17. Kh1 Qf7 18. Bd2 Qf2 19. b4 Qxe1+ 20. Rxe1 a5 21. a3
axb4 22. axb4 Ra8 23. g3 Ra2 24. Bc1 Ra1 25. Kg2 Na7 26. Nf4 c6 27. Rf1 Bd8 28.
h4 Be7 29. Be2 Nb5 30. Bxb5 cxb5 31. Nd3 Be8 32. Bg5 Rxf1 33. Kxf1 Bg6 34. Nf4
Bxg5 35. hxg5 Kf7 36. Kf2 Be4 37. Ke3 Bc2 38. Kd2 Be4 39. Ke3 Bc2 1/2-1/2

[Event "East Lansing (MI Op/5/7)"]
[Site "?"]
[Date "1993.??.??"]
[Round "?"]
[White "Ward, Tom"]
[Black "Clark, K."]
[Result "1-0"]
[WhiteElo "2185"]
[BlackElo "2030"]
[PlyCount "81"]
[EventDate "1993.??.??"]

{5/(7)} 1. e4 e5 2. Bc4 Nf6 3. Qe2 d6 4. Nf3 Bg4 5. c3 Nc6 6. Bb3 Be7 7. d3 O-O
8. Nbd2 Kh8 9. Nf1 Nh5 10. h3 Bd7 11. g4 Nf4 12. Bxf4 exf4 13. d4 Na5 14. Bc2
c5 15. dxc5 dxc5 16. Rd1 Qc7 17. N1d2 Rad8 18. O-O Qb6 19. b3 f6 20. Rfe1 h5
21. Nh4 f5 22. Nxf5 hxg4 23. hxg4 Qe6 24. Qf3 g6 25. Nxe7 Qxe7 26. e5 Qh4 27.
e6 Bc6 28. Be4 Rde8 29. Bxc6 Nxc6 30. Nc4 Re7 31. Kg2 Kg7 32. Rh1 Qg5 33. Rd7
b5 34. Rxe7+ Nxe7 35. Nd6 Qd5 36. Qxd5 Nxd5 37. Nxb5 Kf6 38. c4 Ne7 39. Nc7 Rd8
40. Rh7 Rf8 41. g5+ 1-0

[Event "Ann Arbor (HVA/2/6)"]
[Site "?"]
[Date "1993.??.??"]
[Round "?"]
[White "Ward, Tim"]
[Black "Vega, D."]
[Result "1-0"]
[WhiteElo "1835"]
[BlackElo "1680"]
[PlyCount "37"]
[EventDate "1993.??.??"]

{2/(6)} 1. d4 Nf6 2. c4 g6 3. Nc3 Bg7 4. e4 d6 5. f3 O-O 6. Be3 c6 7. Bd3 a5 8.
Nge2 Na6 9. Qd2 e5 10. d5 Nd7 11. O-O Ndc5 12. Bc2 Bd7 13. a3 b5 14. dxc6 Be6
15. cxb5 Rb8 16. bxa6 Rxb2 17. Qc1 Rb6 18. Rd1 Rxa6 19. Bxc5 1-0

[Event "Eastpointe (EDO/5/9)"]
[Site "?"]
[Date "1993.??.??"]
[Round "?"]
[White "Ward, Tim"]
[Black "Solski, Jeff"]
[Result "1-0"]
[WhiteElo "1885"]
[BlackElo "1605"]
[PlyCount "41"]
[EventDate "1993.??.??"]

{5/(9)} 1. d4 Nf6 2. c4 g6 3. Nc3 Bg7 4. e4 d6 5. f3 c6 6. Be3 O-O 7. Bd3 Na6
8. Qd2 Re8 9. Nge2 Nc7 10. h4 d5 11. e5 dxc4 12. Bxc4 Nfd5 13. Bh6 Bh8 14. h5
a5 15. hxg6 fxg6 16. Nf4 b5 17. Nxg6 bxc4 18. Qg5 Bg7 19. Nf4 Ne6 20. Nxe6 Kf7
21. Nxd8+ 1-0

[Event "Troy (TCC/A/2/2)"]
[Site "?"]
[Date "1993.??.??"]
[Round "?"]
[White "Ward, Tim"]
[Black "Smith, Walt"]
[Result "1-0"]
[WhiteElo "1900"]
[BlackElo "1965"]
[PlyCount "71"]
[EventDate "1993.??.??"]

{2/(2)} 1. d4 d5 2. c4 e6 3. cxd5 exd5 4. Nc3 c6 5. Qc2 Nf6 6. Bg5 Nbd7 7. Nf3
Bd6 8. e3 h6 9. Bh4 O-O 10. Bd3 Qc7 11. O-O Re8 12. Bg3 Bxg3 13. hxg3 Ng4 14.
Nxd5 Qa5 15. Nf4 Ndf6 16. e4 g5 17. Ne2 Nd7 18. Nc3 Nf8 19. e5 c5 20. d5 Nxe5
21. Nxe5 Rxe5 22. f4 Re3 23. fxg5 c4 24. Qf2 Re7 25. Bxc4 Rd7 26. Bb5 Rd8 27.
Qxf7+ Kh8 28. Rf6 Bf5 29. Rxh6+ Bh7 30. Bd3 Qc5+ 31. Kh1 Qc7 32. Qxc7 Rd7 33.
Rxh7+ Rxh7+ 34. Bxh7 Re8 35. Qf7 Nxh7 36. Qxe8+ 1-0

[Event "East Lansing (MI Op/5/19)"]
[Site "?"]
[Date "1993.??.??"]
[Round "?"]
[White "Ward, Tim"]
[Black "Lehotzky, Attila"]
[Result "1/2-1/2"]
[WhiteElo "1900"]
[BlackElo "2030"]
[PlyCount "97"]
[EventDate "1993.??.??"]

{5/(19)} 1. d4 Nf6 2. c4 e6 3. Nc3 d5 4. cxd5 Nxd5 5. e4 Nxc3 6. bxc3 c5 7.
Bb5+ Bd7 8. Bxd7+ Qxd7 9. Nf3 cxd4 10. cxd4 Bb4+ 11. Bd2 Qb5 12. Qe2 Qxe2+ 13.
Kxe2 Bxd2 14. Kxd2 O-O 15. Rab1 b6 16. Rhc1 Na6 17. Rb3 Rfd8 18. Ke3 Rd7 19.
Ne5 Rc7 20. Rbc3 Rac8 21. Rxc7 Rxc7 22. Rxc7 Nxc7 23. Nc6 a6 24. a4 Kf8 25. Kd3
Ke8 26. Kc4 f6 27. f3 Kd7 28. Nb4 Kd6 29. g4 g5 30. h3 h6 31. Kd3 a5 32. Nc2 b5
33. axb5 Nxb5 34. Kc4 Kc6 35. Ne3 Nd6+ 36. Kb3 Kb5 37. d5 exd5 38. Nxd5 a4+ 39.
Ka2 Ne8 40. Ka3 Kc4 41. Ne3+ Kd3 42. Nf5 Ke2 43. Nxh6 Kxf3 44. Nf5 Kxe4 45. h4
gxh4 46. Nxh4 Kf4 47. Ng6+ Kxg4 48. Ne7 Nd6 49. Ng8 1/2-1/2

[Event "Troy (TCC/A/4/3)"]
[Site "?"]
[Date "1993.??.??"]
[Round "?"]
[White "Ward, Tim"]
[Black "Kung, Fred"]
[Result "1-0"]
[WhiteElo "1900"]
[BlackElo "1875"]
[PlyCount "75"]
[EventDate "1993.??.??"]

{4/(3)} 1. d4 d5 2. c4 e6 3. cxd5 exd5 4. Nc3 c5 5. Nf3 Nc6 6. e3 Nf6 7. Bd3 c4
8. Bb1 Bb4 9. Nd2 Qa5 10. Qc2 O-O 11. O-O g6 12. Ne2 Bf5 13. Qd1 Bxb1 14. Nxb1
b5 15. Bd2 Ne4 16. Nbc3 f5 17. Nxe4 fxe4 18. Bc3 Qd8 19. Nf4 Qd7 20. f3 Rfe8
21. Qe1 Bf8 22. Qg3 b4 23. Bd2 a5 24. Nxg6 hxg6 25. Qxg6+ Bg7 26. fxe4 Re6 27.
Qg5 dxe4 28. Rf4 Qe7 29. Qd5 Rd8 30. Qxc4 Kh7 31. Be1 Rh6 32. Bg3 Rf8 33. Raf1
Rxf4 34. Rxf4 Nd8 35. Qd5 Rd6 36. Rh4+ Qxh4 37. Qf5+ Kg8 38. Bxh4 1-0

[Event "East Lansing (MI Op/6/19)"]
[Site "?"]
[Date "1993.??.??"]
[Round "?"]
[White "Ward, Tim"]
[Black "Kulbacki, James"]
[Result "1/2-1/2"]
[WhiteElo "1900"]
[BlackElo "2035"]
[PlyCount "111"]
[EventDate "1993.??.??"]

{6/(19)} 1. d4 e6 2. c4 Nf6 3. Nc3 d5 4. cxd5 exd5 5. Bg5 Be7 6. e3 O-O 7. Nf3
Nbd7 8. Qc2 Re8 9. Bd3 Nf8 10. O-O c6 11. Bxf6 Bxf6 12. b4 Bg4 13. Be2 a6 14.
a4 Qd6 15. Rfb1 g6 16. g3 h5 17. Ne1 Nh7 18. Bxg4 hxg4 19. Qd1 Qd7 20. a5 Qf5
21. Qd3 Qh5 22. Ne2 Ng5 23. Nf4 Qh6 24. Qd1 Nh3+ 25. Kg2 Nxf4+ 26. exf4 Qh3+
27. Kg1 Re4 28. Nc2 Kg7 29. Qf1 Qxf1+ 30. Kxf1 Bxd4 31. Ra3 Rae8 32. Re1 Bf6
33. Rae3 Rxe3 34. Rxe3 Rxe3 35. fxe3 Be7 36. Ke2 Kf6 37. Kd3 c5 38. bxc5 Bxc5
39. Nd4 b6 40. axb6 Bxb6 41. Nc6 Ke6 42. Ne5 f5 43. Nxg6 a5 44. Nh4 a4 45. Ng2
a3 46. Kc2 d4 47. exd4 Bxd4 48. Kb3 Bg1 49. Kxa3 Bxh2 50. Kb3 Bxg3 51. Kc3 Bxf4
52. Nxf4+ Ke5 53. Ng2 Ke4 54. Kd2 Kf3 55. Nh4+ Kf4 56. Ke2 1/2-1/2

[Event "Troy (TCC/A/5/2)"]
[Site "?"]
[Date "1993.??.??"]
[Round "?"]
[White "Ward, Tim"]
[Black "Jendras, Gerard"]
[Result "1/2-1/2"]
[WhiteElo "1900"]
[BlackElo "1910"]
[PlyCount "50"]
[EventDate "1993.??.??"]

{5/(2)} 1. d4 d5 2. c4 dxc4 3. Nf3 Nf6 4. e3 e6 5. Bxc4 a6 6. a4 c5 7. O-O Nc6
8. dxc5 Qxd1 9. Rxd1 Bxc5 10. Bd2 O-O 11. Nc3 b6 12. Ne2 Rd8 13. Bc3 Bb7 14.
Ned4 Nb4 15. Ne5 Nfd5 16. Nd3 Rac8 17. Bxd5 Nxd5 18. Nxc5 Rxc5 19. Ne2 Rdc8 20.
Bd4 R5c6 21. Nc3 Nb4 22. Rd2 f6 23. e4 Rd6 24. Rad1 Kf7 25. f3 Rcc6 1/2-1/2

[Event "East Lansing (MI Op/3/34)"]
[Site "?"]
[Date "1993.??.??"]
[Round "?"]
[White "Ward, Tim"]
[Black "Jarosz, Stan"]
[Result "1/2-1/2"]
[WhiteElo "1900"]
[BlackElo "2065"]
[PlyCount "65"]
[EventDate "1993.??.??"]

{3/(34)} 1. d4 d5 2. c4 e6 3. cxd5 exd5 4. Nc3 c6 5. Qc2 g6 6. e3 Bf5 7. Bd3
Bxd3 8. Qxd3 Nf6 9. Nf3 Bg7 10. O-O O-O 11. Ne5 Re8 12. f4 Nbd7 13. Bd2 Nxe5
14. fxe5 Nd7 15. b4 f6 16. exf6 Nxf6 17. Rf3 a6 18. Raf1 Qd6 19. h3 Re6 20. Na4
Ne4 21. Be1 b5 22. Nc5 Nxc5 23. bxc5 Qd7 24. Bg3 Rae8 25. Bh4 Re4 26. Bg5 Qe6
27. Qa3 h6 28. Bf4 g5 29. Be5 Bxe5 30. dxe5 Qxe5 31. Qxa6 Rxe3 32. Qxc6 Qe6 33.
Qxb5 1/2-1/2

[Event "Eastpointe (EDO/2/12)"]
[Site "?"]
[Date "1993.??.??"]
[Round "?"]
[White "Ward, Tim"]
[Black "Jackson, K."]
[Result "1-0"]
[WhiteElo "1885"]
[BlackElo "1605"]
[PlyCount "97"]
[EventDate "1993.??.??"]

{2/(12)} 1. d4 d5 2. c4 c5 3. cxd5 Qxd5 4. Nf3 cxd4 5. Nc3 Qd6 6. Qxd4 Qxd4 7.
Nxd4 e5 8. Nf3 Nc6 9. Bd2 Bc5 10. e4 Bg4 11. Bb5 a6 12. Bxc6+ bxc6 13. Nxe5 Be6
14. Nxc6 Ne7 15. Nd4 Rd8 16. Nxe6 fxe6 17. Rd1 h6 18. O-O Nc6 19. Bf4 Rxd1 20.
Rxd1 Bb4 21. Bd6 Bxc3 22. bxc3 Kf7 23. Rb1 Rd8 24. e5 Na5 25. Rb6 Nc4 26. Rxa6
Nxd6 27. Rxd6 Rc8 28. Rd3 Rc4 29. Kf1 Re4 30. Re3 Ra4 31. Re2 Ra5 32. Ke1 Rc5
33. Kd2 Ra5 34. Kd3 Rd5+ 35. Kc4 Ke7 36. a4 Kd7 37. Kb4 Kc6 38. c4 Rc5 39. a5
g5 40. a6 Kb6 41. Ra2 Rc8 42. a7 Ra8 43. c5+ Kb7 44. Kb5 Rxa7 45. Rxa7+ Kxa7
46. Kc6 Kb8 47. Kd7 Kb7 48. c6+ Kb8 49. c7+ 1-0

[Event "Lansing (MI Am/2)"]
[Site "?"]
[Date "1993.??.??"]
[Round "?"]
[White "Ward, Tim"]
[Black "Griffin, John"]
[Result "1-0"]
[WhiteElo "1885"]
[BlackElo "1615"]
[PlyCount "99"]
[EventDate "1993.??.??"]

1. d4 d5 2. c4 e6 3. cxd5 exd5 4. Nc3 Nf6 5. Bg5 Be7 6. e3 O-O 7. Bd3 h6 8. Bh4
b6 9. Nf3 Nbd7 10. Bxf6 Nxf6 11. Ne5 Bb7 12. O-O c5 13. Qf3 Rc8 14. Bf5 Rb8 15.
Rac1 a6 16. a3 Qd6 17. Rfd1 c4 18. Ne2 Bc8 19. Ng3 Bxf5 20. Nxf5 Qe6 21. Nxe7+
Qxe7 22. Nc6 Qd6 23. Nxb8 Rxb8 24. Qg3 Qd8 25. f3 b5 26. Rc2 Rb6 27. Re2 a5 28.
e4 dxe4 29. fxe4 Nh5 30. Qg4 Nf6 31. Qf3 Nd7 32. e5 b4 33. axb4 axb4 34. Ra1
Nf8 35. Rf2 f6 36. d5 c3 37. bxc3 bxc3 38. d6 Qb8 39. Qxc3 Rb1+ 40. Rxb1 Qxb1+
41. Rf1 Qb6+ 42. Kh1 Qb5 43. Re1 fxe5 44. Qxe5 Qc4 45. h3 Qf7 46. Qe7 Qf2 47.
Qe8 Qf4 48. d7 Qa4 49. Rf1 Qb4 50. d8=Q 1-0

[Event "Ann Arbor (HVA/4/5)"]
[Site "?"]
[Date "1993.??.??"]
[Round "?"]
[White "Ward, Tim"]
[Black "Gregory, Kevin"]
[Result "1/2-1/2"]
[WhiteElo "1835"]
[BlackElo "1815"]
[PlyCount "75"]
[EventDate "1993.??.??"]

{4/(5)} 1. d4 Nf6 2. c4 d6 3. Nc3 g6 4. e4 Bg7 5. f3 O-O 6. Be3 Nbd7 7. Bd3 e5
8. d5 Nc5 9. Bc2 Nh5 10. Qd2 Qe7 11. Nge2 Bf6 12. O-O-O Ng7 13. g4 Bh4 14. Rhg1
g5 15. Ng3 f6 16. Nf5 Bxf5 17. gxf5 Nh5 18. Rg2 Nf4 19. Bxf4 exf4 20. Qxf4 Kh8
21. Qg4 Qf7 22. Ne2 Rg8 23. Rdg1 Nd7 24. f4 gxf4 25. Qxh4 Rxg2 26. Rxg2 f3 27.
Rg1 fxe2 28. Bd3 e1=Q+ 29. Qxe1 Rg8 30. b4 Qh5 31. Rxg8+ Kxg8 32. Qf2 Qh3 33.
Qg3+ Qxg3 34. hxg3 Kg7 35. Kd2 Kh6 36. Ke3 Kg5 37. Be2 Ne5 38. a4 1/2-1/2

[Event "Lansing (MI Am/5)"]
[Site "?"]
[Date "1993.??.??"]
[Round "?"]
[White "Ward, Tim"]
[Black "Golonka, Stan"]
[Result "1-0"]
[WhiteElo "1885"]
[BlackElo "1960"]
[PlyCount "67"]
[EventDate "1993.??.??"]

1. d4 Nf6 2. c4 c5 3. d5 e5 4. Nc3 d6 5. e4 Be7 6. Be2 Nbd7 7. Nf3 Nf8 8. O-O
Ng6 9. Ne1 O-O 10. Nd3 b5 11. cxb5 a6 12. bxa6 Bxa6 13. b3 Qc7 14. Nb2 Rfb8 15.
Bxa6 Rxa6 16. Nc4 Qa7 17. Be3 Qd7 18. Qe2 Qa7 19. Rfb1 Qd7 20. Nxe5 Nxe5 21.
Qxa6 Qg4 22. Qe2 Qh4 23. f3 g5 24. Qf2 Qh5 25. Qg3 Nfd7 26. f4 Ng4 27. Bd2 gxf4
28. Qxf4 Bf6 29. h3 Bd4+ 30. Kf1 Nge5 31. Ne2 Nd3 32. Qg3+ Kh8 33. Nxd4 N7e5
34. Qg5 1-0

[Event "Lansing (MI Am/4)"]
[Site "?"]
[Date "1993.??.??"]
[Round "?"]
[White "Ward, Tim"]
[Black "Alliston, Richard"]
[Result "1-0"]
[WhiteElo "1885"]
[BlackElo "1605"]
[PlyCount "61"]
[EventDate "1993.??.??"]

1. d4 d5 2. c4 e6 3. cxd5 exd5 4. Nc3 Nf6 5. Bg5 Be7 6. Qc2 Be6 7. e3 Nbd7 8.
Bd3 O-O 9. Nge2 g6 10. Nf4 Ng4 11. Bxe7 Qxe7 12. h3 Ngf6 13. g4 c6 14. g5 Ne8
15. h4 Ng7 16. O-O-O Bf5 17. Rdg1 Rfe8 18. h5 Bxd3 19. Qxd3 Nf5 20. hxg6 hxg6
21. e4 Ng7 22. Qh3 Nh5 23. Nxh5 f6 24. Nxf6+ Nxf6 25. gxf6 Qxf6 26. Qh7+ Kf8
27. Rxg6 Qf7 28. Qh6+ Ke7 29. Rg7 Qxg7 30. Qxg7+ Kd8 31. Rh7 1-0

[Event "Flint (Class C/3)"]
[Site "?"]
[Date "1993.??.??"]
[Round "?"]
[White "Waltz, Glenn"]
[Black "Vaughn, Gerald"]
[Result "1-0"]
[WhiteElo "1605"]
[BlackElo "1605"]
[PlyCount "63"]
[EventDate "1993.??.??"]

1. d4 Nf6 2. c4 g6 3. Nc3 d5 4. Nf3 Bg4 5. e3 Nc6 6. cxd5 Nxd5 7. Bc4 Nf6 8.
O-O Bg7 9. h3 Bd7 10. Qe2 Qc8 11. Ng5 Nd8 12. Qf3 h6 13. Nge4 Ne6 14. Nxf6+
Bxf6 15. Ne4 Bg7 16. Nf6+ Bxf6 17. Bd2 Ng5 18. Qe2 Nxh3+ 19. Kh2 Ng5 20. f3 c6
21. Rh1 b5 22. Bb3 Ne6 23. Rac1 Qc7+ 24. Kg1 Nxd4 25. exd4 Bxd4+ 26. Be3 Qf4
27. Kf2 Rd8 28. Rcd1 c5 29. Rxd4 Qe5 30. Rd5 Qg7 31. Bxc5 a6 32. Qxe7# 1-0

[Event "Flint (MI Senior/4)"]
[Site "?"]
[Date "1993.??.??"]
[Round "?"]
[White "Waltz, Glenn"]
[Black "Snuske, R."]
[Result "0-1"]
[WhiteElo "1605"]
[BlackElo "1605"]
[PlyCount "112"]
[EventDate "1993.??.??"]

1. d4 Nf6 2. c4 b6 3. Nf3 Bb7 4. e3 e6 5. Bd3 d5 6. O-O dxc4 7. Bxc4 Bd6 8. Nc3
O-O 9. Re1 Re8 10. Bd3 Nbd7 11. e4 e5 12. Bg5 Nf8 13. Rc1 Ng6 14. g3 c6 15. Qe2
Bc8 16. Qf1 Bd7 17. d5 h6 18. Bd2 Bg4 19. Qe2 cxd5 20. exd5 a6 21. Bxg6 fxg6
22. Qd3 Bxf3 23. Qxf3 Rf8 24. Qd3 Kh7 25. Ne4 Nxe4 26. Qxe4 Qf6 27. Rf1 Bc5 28.
Be3 Rac8 29. Bxc5 bxc5 30. Rcd1 Qd6 31. Rfe1 Rf5 32. Kg2 Rb8 33. Qc2 Rb4 34.
Re4 Rd4 35. Rexd4 exd4 36. Qb3 Rxd5 37. Qd3 Qc6 38. Qe4 Rd6 39. Qxc6 Rxc6 40.
Rd3 g5 41. h3 Kg6 42. b3 Kf5 43. Kf3 Ke5 44. Ke2 Rf6 45. f3 Kd5 46. a3 a5 47.
a4 c4 48. bxc4+ Kxc4 49. Rd1 Re6+ 50. Kd2 Re3 51. Rc1+ Rc3 52. Rxc3+ dxc3+ 53.
Kc2 Kb4 54. f4 gxf4 55. gxf4 g6 56. h4 h5 0-1

[Event "Gaylord (NMO/1/15)"]
[Site "?"]
[Date "1993.??.??"]
[Round "?"]
[White "Waltz, Glenn"]
[Black "Shaune, M."]
[Result "0-1"]
[WhiteElo "1605"]
[BlackElo "1790"]
[PlyCount "95"]
[EventDate "1993.??.??"]

{1/(15)} 1. d4 e6 2. e4 d5 3. exd5 exd5 4. Nf3 Nf6 5. Bg5 Be7 6. Bd3 Bg4 7. Nc3
c6 8. Qe2 Nbd7 9. O-O O-O 10. h3 Bh5 11. g4 Bg6 12. Rae1 Bxd3 13. Qxd3 Re8 14.
Re2 Ne4 15. Bxe7 Qxe7 16. Rfe1 Ndf6 17. Ng5 Qb4 18. Ngxe4 dxe4 19. Nxe4 Nxe4
20. Rxe4 Rxe4 21. Qxe4 g6 22. b3 Qa3 23. Qe7 Qa5 24. Re3 Qb6 25. c3 a6 26. Qd7
Rd8 27. Re8+ Rxe8 28. Qxe8+ Kg7 29. Qe5+ Kg8 30. Qe8+ Kg7 31. Qe5+ Kg8 32. d5
cxd5 33. Qxd5 Qc7 34. Qd4 Qe7 35. Qd2 Qc7 36. c4 Qc5 37. Qf4 Qe7 38. Kg2 Qb4
39. Qc7 Kg7 40. c5 Qe4+ 41. Kg3 Qd3+ 42. f3 Qb5 43. Qb6 Qd7 44. Qd6 Qb5 45.
Qe5+ Kg8 46. Qd4 Qe8 47. b4 Qb5 48. Qd8+ 0-1

[Event "Gaylord (NMO/4/21)"]
[Site "?"]
[Date "1993.??.??"]
[Round "?"]
[White "Waltz, Glenn"]
[Black "Rosebrook, G."]
[Result "1-0"]
[WhiteElo "1605"]
[BlackElo "1605"]
[PlyCount "99"]
[EventDate "1993.??.??"]

{4/(21)} 1. d4 Nf6 2. c4 d6 3. Nf3 Bd7 4. Nc3 g6 5. e4 Bg7 6. Bg5 h6 7. Bd2 Bg4
8. h3 Bxf3 9. Qxf3 Nc6 10. Be3 Nd7 11. Qd1 e6 12. Be2 Qe7 13. Qd2 O-O-O 14. Rc1
Qf6 15. d5 Nd4 16. Bxd4 Qxd4 17. Qc2 Qf6 18. dxe6 fxe6 19. Rb1 a6 20. O-O Nc5
21. Bf3 Rhf8 22. Qe2 Qe7 23. Nd1 Be5 24. Ne3 h5 25. b4 Na4 26. Qc2 Nc3 27. Rb3
Na4 28. Be2 Bd4 29. f3 Bxe3+ 30. Rxe3 Nb6 31. c5 dxc5 32. bxc5 Nd7 33. c6 Nc5
34. cxb7+ Nxb7 35. Bxa6 Qd6 36. Bxb7+ Kxb7 37. Rb1+ Kc8 38. Qa4 Qc5 39. Qb3 Kd7
40. Kh1 Ke7 41. Ree1 Rb8 42. Qd1 Rfd8 43. Qe2 Qa7 44. f4 Rxb1 45. Rxb1 Qc5 46.
Kh2 Qd6 47. Qf3 Rf8 48. e5 Qxe5 49. fxe5 Rxf3 50. gxf3 1-0

[Event "Flint (Class C/1)"]
[Site "?"]
[Date "1993.??.??"]
[Round "?"]
[White "Waltz, Glenn"]
[Black "Juska, K."]
[Result "0-1"]
[WhiteElo "1605"]
[BlackElo "1605"]
[PlyCount "94"]
[EventDate "1993.??.??"]

1. d4 Nf6 2. c4 e6 3. Nc3 Bb4 4. Qc2 c5 5. Nf3 cxd4 6. Nxd4 Nc6 7. Nxc6 dxc6 8.
Bg5 O-O 9. e4 e5 10. Be2 Be6 11. O-O Bxc3 12. bxc3 Qe7 13. Rfd1 Rfd8 14. Rd3
Rxd3 15. Bxd3 Rd8 16. Rb1 b6 17. Qe2 Qa3 18. Bxf6 gxf6 19. Qc2 Qc5 20. Qe2 Qd6
21. Bc2 Qd2 22. Qxd2 Rxd2 23. Bb3 c5 24. Kf1 f5 25. Ke1 Rd3 26. exf5 Bd7 27.
Rc1 Bxf5 28. h3 Bg6 29. Ke2 h5 30. a4 Rd6 31. Rd1 Rxd1 32. Kxd1 Kg7 33. Kd2 Kf6
34. Ke3 Kg5 35. g3 h4 36. f4+ exf4+ 37. gxf4+ Kf6 38. Bd1 Ke6 39. Kd2 Bf5 40.
Bg4 Bxg4 41. hxg4 h3 42. f5+ Kf6 43. Ke3 h2 44. Kf4 h1=Q 45. g5+ Kg7 46. Ke5
Qd1 47. f6+ Kg6 0-1

[Event "Flint (MI Senior/3)"]
[Site "?"]
[Date "1993.??.??"]
[Round "?"]
[White "Waltz, Glenn"]
[Black "Iyer, Krishnan"]
[Result "1-0"]
[WhiteElo "1605"]
[BlackElo "1605"]
[PlyCount "55"]
[EventDate "1993.??.??"]

1. d4 d5 2. c4 dxc4 3. Nf3 g6 4. Nc3 Bg7 5. e3 a6 6. Bxc4 b5 7. Bd3 Bb7 8. Be4
c6 9. O-O Qd6 10. Qc2 f5 11. Bd3 Nf6 12. e4 fxe4 13. Bxe4 O-O 14. g3 Nd5 15.
Ne2 Bc8 16. Kg2 Nd7 17. Qb3 N7f6 18. Bf4 Qe6 19. Bxd5 cxd5 20. Neg1 Ne4 21.
Rae1 Qf7 22. Re2 h6 23. Be5 Bf5 24. Bxg7 Kxg7 25. Ne5 Qe6 26. f3 Nf6 27. Nxg6
Qf7 28. Rxe7 1-0

[Event "Gaylord (NMO/3/19)"]
[Site "?"]
[Date "1993.??.??"]
[Round "?"]
[White "Waltz, Glenn"]
[Black "Hoffman, M."]
[Result "0-1"]
[WhiteElo "1605"]
[BlackElo "1635"]
[PlyCount "84"]
[EventDate "1993.??.??"]

{3/(19)} 1. d4 Nf6 2. c4 e6 3. Nc3 Bb4 4. Qc2 c5 5. e3 Nc6 6. Nf3 d5 7. Bd3
dxc4 8. Bxc4 cxd4 9. exd4 Nxd4 10. Qd3 Nxf3+ 11. Qxf3 O-O 12. O-O Qc7 13. Bb3
Bd7 14. Bg5 Bc6 15. Qe2 Bxc3 16. bxc3 Ne4 17. Bd2 Nxd2 18. Qxd2 Rfd8 19. Qe3 b6
20. Bc2 Rd7 21. Rad1 Rad8 22. Qh3 g6 23. Qg4 Bb5 24. Rxd7 Rxd7 25. Rd1 Qxc3 26.
Bb3 a5 27. Qf3 Rd3 28. Qe2 Rxd1+ 29. Qxd1 Qd3 30. a4 Qxd1+ 31. Bxd1 Bc4 32. f4
Kf8 33. Kf2 Ke7 34. Be2 Bxe2 35. Kxe2 Kd6 36. Kd3 Kc5 37. Kc3 b5 38. axb5 Kxb5
39. Kb3 h5 40. g3 f6 41. h3 g5 42. fxg5 fxg5 0-1